000 01487nam a2200289 i 4500
001 42593
003 ES-MaACL
005 20250828101804.0
007 t|
008 030407s2002 sp ||||1| spa d
020 _a84-7522-860-7
080 _a82-2:791.43(063)
080 _a729.2.097(063)
110 2 _aUniversidad Nacional de Educación a Distancia (España).
_bInstituto de Semiótica Literaria, Teatral y Nuevas Tecnologías.
_bSeminario Internacional
_n(11º.
_d2001.
_cMadrid)
_97421
245 1 0 _aDel teatro al cine y a la televisión en la segunda mitad del siglo XX
_b: actas del XI Seminario Internacional del Instituto de Semiótica Literaria, Teatral y Nuevas Tecnologías de la UNED, Madrid, Casa de América, 27-29 de junio de 2001 /
_cJosé Romera Castillo (ed.) con la colaboración de Francisco Gutiérrez Carbajo y Dolores Romero López.
260 _aMadrid :
_bVisor Libros,
_c2002.
300 _a625 p. ;
_c21 cm.
490 1 _aBiblioteca de filología hispana ;
_v60
650 4 _aTeatro (Género literario)-
_xAdaptaciones cinematográficas-
_vCongresos y asambleas.
_917363
650 1 4 _aTelevisión-
_xProgramas dramáticos-
_vCongresos y asambleas.
_917448
700 1 _aRomera Castillo, José,
_d1946-
_999292
700 1 _aGutiérrez Carbajo, Francisco.
_961103
700 1 _aRomero López, Maria Dolores.
_999405
830 1 _aBiblioteca de filología hispana ;
_v60
_9229832
852 _aES-MaACL
_jL-26215
999 _c42593
_d42593